000 00756nam a2200289Ia 4500
005 20260324151016.0
008 008 260324s9999 xx 000 0 eng d
020 _a9781003398769
037 _aEBOOK
040 _aCRL
040 _beng
040 _cCRL
041 _2eng
041 _aeng
084 _qCRL
100 _aBasil Stewart
_91228065
245 0 _aOn Collecting Japanese Colour-Prints
245 0 _bBeing an Introduction to the Study and Collection of the Colour-prints of the Ukiyoye School of Japan
260 _bTaylor and Francis
260 _c1917
365 _a
365 _b150
856 _uhttp://www.taylorfrancis.com/books/9781003398769
942 _cEBOOK
999 _c1838802
_d1838802